| 000 | 00466nam a2200157 a 4500 | ||
|---|---|---|---|
| 005 | 20140414132135.0 | ||
| 008 | 131216s19uu xx 00 eng d | ||
| 020 | _a9780764145476 | ||
| 050 |
_aM 530 _bJim61 2011 |
||
| 100 | _aJimenez, Nuria | ||
| 245 |
_aTaking care of your planet:click enery= : _bCuidem el Planeta:clic!energia. |
||
| 260 |
_aNew York : _bBarron's Educational Series, Inc, _cc2011. |
||
| 300 | _a34 | ||
| 650 |
_aEnergy- _xuses |
||
| 999 |
_c115304 _d115304 |
||